Zwycięzcy Żużlowego Turnieju o Brązowy Kask - Statystyki

Ogólne statystyki
  • Ten quiz został rozwiązany 25 razy
  • Średni wynik to 13 z 48
Statystyki odpowiedzi
Rok Gospodarz Zwycięzca % Poprawnych
2010 Leszno Patryk Dudek
88%
2011 Częstochowa Patryk Dudek
88%
2017 Świętochłowice Bartosz SmektałaDominik Kubera Wiktor Lis
82%
2018 Gniezno Dominik Kubera
82%
2009 Wrocław Maciej Janowski
76%
2023 Gorzów Wlkp. Wiktor Przyjemski
71%
2024 Piła Wiktor Przyjemski
71%
2016 Opole Bartosz Smektała
65%
2019 Grudziądz Jakub Miśkowiak
59%
2003 Toruń Janusz Kołodziej
59%
2020 Ostrów Wlkp. Mateusz Cierniak
59%
2021 Gdańsk Mateusz Cierniak
59%
1989 GnieznoOstrów Wlkp. Jacek Rempała
53%
2015 Rawicz Maksym Drabik
47%
1995 Lublin Rafał Dobrucki
47%
2004 Lublin Adrian Miedziński
35%
2014 Lublin Adrian Cyfer
29%
2012 Gdańsk Krystian Pieszczek
29%
2013 Łódź Krystian Pieszczek
29%
1996 Bydgoszcz Damian Baliński
24%
1993 Tarnów Piotr Baron
24%
1986 LesznoGniezno Piotr Świst
24%
1987 Gorzów Wlkp.Zielona Góra Piotr Świst
24%
2022 Tarnów Jakub Krawczyk
18%
1997 Piła Rafał Okoniewski
18%
1998 Ostrów Wlkp. Rafał Okoniewski
18%
1999 Toruń Rafał Okoniewski
18%
2001 Gorzów Wlkp. Rafał Szombierski
18%
2006 Opole Mateusz Szczepaniak
12%
1991 LesznoGniezno Adam Łabędzki
6%
2008 Gdańsk Artur Mroczka
6%
1988 ToruńGrudziądz Jarosław Olszewski
6%
1981 Świętochłowice Mirosław Berliński
6%
2007 Gorzów Wlkp. Adam Kajoch
0%
1976 Łódź Alfred Siekierka
0%
1979 Częstochowa Józef Kafel
0%
1992 Krosno Maciej Bargiel
0%
1980 Opole Marek Kępa
0%
1977 Gdańsk Mieczysław Kmieciak
0%
1978 Rybnik Mieczysław Kmieciak
0%
2005 Zielona Góra Patryk Pawlaszczyk
0%
1990 Tarnów Robert Kużdżał
0%
2002 Tarnów Robert Umiński
0%
2000 Leszno Roman Chromik
0%
1984 Bydgoszcz Ryszard Dołomisiewicz
0%
1983 Ostrów Wlkp. Ryszard Franczyszyn
0%
1994 Piła Waldemar Walczak
0%
1985 Gorzów Wlkp.Zielona Góra Zbigniew Błażejczak
0%
Nie znaleziono quizów pasujących do podanych kryteriów
Rozkład punktacji
Procent ludzi z każdym wynikiem
Percentyl według liczby udzielonych odpowiedzi
Twoja historia wyników
Nie rozwiązałeś tego quizu